مكتبة جامعة عجلون الوطنية

فهرس بحث المكتبة

Normal view MARC view
  • تأليف صفوت، أحمد زكي

Entry Personal Name

Number of records used in: 1

001 - CONTROL NUMBER

  • control field: 27087

003 - CONTROL NUMBER IDENTIFIER

  • control field: JO-AjAnu

005 - DATE AND TIME OF LATEST TRANSACTION

  • control field: 20230606074615.0

008 - FIXED-LENGTH DATA ELEMENTS

  • fixed length control field: 230606|| aca||aabn | a|a d

040 ## - CATALOGING SOURCE

  • Original cataloging agency: JO-AjAnu
  • Transcribing agency: JO-AjAnu

100 ## - HEADING--PERSONAL NAME

  • Personal name: تأليف صفوت، أحمد زكي

670 ## - SOURCE DATA FOUND

  • Source citation: Work cat.: (JO-AjAnu)13913: تأليف صفوت، أحمد زكي, author,  جمهرة خطب العرب في عصور العربية الزاهرة